[Event "SV Horst-Emscher 2 - SV Eichlinghofen 2"]
[Site "Verbandsklasse - Gruppe 2 202"]
[Date "2022.03.20"]
[Round "7.8"]
[White "Rohsiepe, Sebastian"]
[Black "Richter, Tim"]
[Result "1-0"]
[WhiteElo "1629"]
[BlackElo "1193"]
[PlyCount "171"]
[EventDate "2022.??.??"]
[WhiteTeam "SV Horst-Emscher 2"]
[BlackTeam "SV Eichlinghofen 2"]

1. e4 c5 2. Nf3 d6 3. Nc3 Nf6 4. Bc4 e6 5. O-O Be7 6. b3 Nc6 7. Bb2 Bd7 8. Re1
a6 9. a4 O-O 10. d4 cxd4 11. Nxd4 Nxd4 12. Qxd4 e5 13. Qd2 Bg4 14. Be2 Bxe2 15.
Rxe2 Qb6 16. Rd1 Rfd8 17. Ba3 Rac8 18. h3 Rc6 19. Re3 Qc7 20. Bb2 Qc8 21. Re2
Qb8 22. Nd5 Nxd5 23. Qxd5 Rdc8 24. c4 Rc5 25. Qd3 a5 26. Ba3 R5c6 27. Qd5 b6
28. Re3 Qc7 29. Rf3 Rf8 30. Qd2 Qd7 31. Rd3 Rd8 32. Bb2 Qe6 33. Rd5 Rc5 34. Rd3
Qg6 35. Qe2 f5 36. Rg3 Qf7 37. Ba3 Rc7 38. exf5 Qxf5 39. Rf3 Qe6 40. Rfd3 Rcd7
41. Bb2 Bf6 42. f4 e4 43. Bxf6 gxf6 44. Rd5 f5 45. Qe3 Rb8 46. Qd4 Kf7 47. Rxd6
Rxd6 48. Qxd6 Qxd6 49. Rxd6 Kg7 50. Kf2 Rb7 51. Ke3 Rb8 52. g4 fxg4 53. hxg4 h5
54. gxh5 Rh8 55. h6+ Kh7 56. Kxe4 Re8+ 57. Kf3 Rb8 58. f5 Rb7 59. Kf4 Rb8 60.
Ke5 Re8+ 61. Kd5 Re3 62. Rxb6 Rd3+ 63. Kc5 Re3 64. Kd4 Rf3 65. Ke4 Rf1 66. c5
Re1+ 67. Kd4 Rd1+ 68. Kc4 Rc1+ 69. Kb5 Rf1 70. Kxa5 Rxf5 71. b4 Rf8 72. Kb5 Ra8
73. a5 Rc8 74. a6 Ra8 75. c6 Kxh6 76. c7+ Kg5 77. Rb8 Ra7 78. c8=Q Rxa6 79.
Kxa6 Kf4 80. Qc1+ Ke4 81. Rd8 Ke5 82. Qe1+ Kf6 83. Rf8+ Kg7 84. Rf2 Kg8 85.
Qg1+ Kh8 86. Rh2# 1-0

[Event "SF Buer 1 - SV Welper 2"]
[Site "Verbandsklasse - Gruppe 2 202"]
[Date "2022.03.20"]
[Round "7.1"]
[White "Marx, Patrick"]
[Black "Renk, Christoph"]
[Result "1/2-1/2"]
[WhiteElo "1958"]
[BlackElo "1970"]
[PlyCount "125"]
[EventDate "2022.??.??"]
[WhiteTeam "SV Welper 2"]
[BlackTeam "SF Buer 1"]

1. d4 Nf6 2. Nf3 d5 3. Bg5 e6 4. e3 h6 5. Bh4 Be7 6. Bd3 b6 7. Nbd2 Bb7 8. O-O
O-O 9. c3 Nbd7 10. Ne5 Nxe5 11. dxe5 Nd7 12. Bxe7 Qxe7 13. f4 f6 14. exf6 Rxf6
15. e4 Raf8 16. Qg4 Nc5 17. Bc2 dxe4 18. Rae1 Qd6 19. Nc4 Qd5 20. b3 Ba6 21.
Rd1 Nd3 22. Bxd3 exd3 23. Ne5 d2 24. Rf2 Qxe5 25. fxe5 Rxf2 26. c4 Bb7 27.
Qxe6+ Kh8 28. Qg4 Rxg2+ 29. Qxg2 Bxg2 30. Kxg2 Re8 31. Rxd2 Rxe5 32. Rd7 Rc5
33. Kg3 a6 34. a4 b5 35. axb5 axb5 36. cxb5 Rxb5 37. Rxc7 Rxb3+ 38. Kg4 Kh7 39.
Ra7 Rb4+ 40. Kg3 Re4 41. Rb7 Kg6 42. Rb5 Re3+ 43. Kg2 Kf6 44. Ra5 Re6 45. Kg3
Rb6 46. Rc5 g5 47. Ra5 Rb3+ 48. Kg2 Kg6 49. Ra6+ Kh5 50. h3 Rb2+ 51. Kg3 Rb8
52. Rc6 Rg8 53. Ra6 Rg6 54. Ra3 Rd6 55. Rb3 Kg6 56. h4 Kh5 57. hxg5 hxg5 58.
Ra3 Rd1 59. Kh3 Rf1 60. Kg3 Rg1+ 61. Kh2 Rg4 62. Kh3 Rf4 63. Kg3 1/2-1/2

[Event "SF Buer 1 - SV Welper 2"]
[Site "Verbandsklasse - Gruppe 2 202"]
[Date "2022.03.20"]
[Round "7.2"]
[White "Kreitling, Oliver"]
[Black "Teich, Udo"]
[Result "1-0"]
[WhiteElo "1882"]
[BlackElo "1861"]
[PlyCount "127"]
[EventDate "2022.??.??"]
[WhiteTeam "SF Buer 1"]
[BlackTeam "SV Welper 2"]

1. d4 d5 2. c4 e6 3. Nf3 Nf6 4. Bg5 Be7 5. e3 Nbd7 6. Nc3 O-O 7. Qc2 c6 8. cxd5
exd5 9. Bd3 h6 10. Bh4 Bd6 11. O-O Qc7 12. Rac1 Qb8 13. Bg3 Re8 14. a3 Bxg3 15.
hxg3 b6 16. b4 Bb7 17. Na4 Rc8 18. Qb2 Qd6 19. Ne5 Rc7 20. Rfd1 Rac8 21. Nf3
Qe7 22. Nc3 Ne4 23. Nd2 Ndf6 24. Ncxe4 Nxe4 25. Nf3 c5 26. bxc5 bxc5 27. dxc5
Rxc5 28. Rxc5 Rxc5 29. Nd4 Nf6 30. Nf5 Qc7 31. Nxh6+ Kf8 32. Nf5 Bc8 33. Nd4
Kg8 34. Rb1 g6 35. Nb5 Qe7 36. Rc1 Rxc1+ 37. Qxc1 Be6 38. Qb2 Nd7 39. Nxa7 Nc5
40. Qb8+ Kh7 41. Bc2 Na6 42. Qb6 Qxa3 43. Qb1 Nb4 44. Nb5 Qa5 45. Nd4 Nxc2 46.
Qxc2 Bd7 47. Qe2 Qa4 48. Qf3 f5 49. Kh2 Qc4 50. Qf4 Qc5 51. g4 Qf8 52. gxf5
gxf5 53. g4 Qh6+ 54. Qxh6+ Kxh6 55. gxf5 Kg5 56. Kg3 Bxf5 57. Nxf5 Kxf5 58. f3
Kg5 59. Kf2 Kf5 60. Ke2 Ke6 61. Kd3 Ke7 62. Kd4 Ke6 63. f4 Kd6 64. f5 1-0

[Event "SF Buer 1 - SV Welper 2"]
[Site "Verbandsklasse - Gruppe 2 202"]
[Date "2022.03.20"]
[Round "7.3"]
[White "Heidt, Viktor"]
[Black "Olschewski, Niklas"]
[Result "0-1"]
[WhiteElo "1816"]
[BlackElo "1701"]
[PlyCount "58"]
[EventDate "2022.??.??"]
[WhiteTeam "SV Welper 2"]
[BlackTeam "SF Buer 1"]

1. c4 e5 2. Nc3 Nc6 3. Nf3 a6 4. d4 exd4 5. Nxd4 Nf6 6. a3 Bc5 7. e3 Ba7 8. Nf3
O-O 9. Bd3 d6 10. O-O Ng4 11. Qc2 h6 12. b4 Nge5 13. Bb2 Nxf3+ 14. gxf3 Qg5+
15. Kh1 Qh5 16. Be2 Ne5 17. Qd1 b5 18. f4 Ng4 19. Bxg4 Bxg4 20. f3 Bh3 21. Rg1
Bxe3 22. Rxg7+ Kxg7 23. Nd5+ f6 24. Nxe3 Rae8 25. Ng4 bxc4 26. Rc1 Re6 27. Rxc4
c5 28. bxc5 Qd5 29. Rd4 Re1+ 0-1

[Event "SF Buer 1 - SV Welper 2"]
[Site "Verbandsklasse - Gruppe 2 202"]
[Date "2022.03.20"]
[Round "7.4"]
[White "Seppelfricke, Guido"]
[Black "Leimkuehler, Dirk"]
[Result "1/2-1/2"]
[WhiteElo "1851"]
[BlackElo "1798"]
[PlyCount "80"]
[EventDate "2022.??.??"]
[WhiteTeam "SF Buer 1"]
[BlackTeam "SV Welper 2"]

1. e4 d5 2. exd5 Qxd5 3. Nc3 Qd6 4. Nf3 Nf6 5. Be2 a6 6. d3 Nc6 7. O-O Bg4 8.
Re1 e6 9. Bg5 Be7 10. Qd2 h6 11. Bf4 Qd7 12. h3 Bf5 13. Rad1 O-O-O 14. Bh2 g5
15. Ne5 Nxe5 16. Bxe5 Rhg8 17. Qe3 g4 18. hxg4 Bxg4 19. Ne4 Nd5 20. Qa7 Qc6 21.
d4 Bxe2 22. Rxe2 Nb6 23. Rd3 Nd5 24. f3 f5 25. Nc5 Bxc5 26. dxc5 b5 27. cxb6
Qxb6+ 28. Qxb6 cxb6 29. c4 Nb4 30. Rb3 Rd1+ 31. Kh2 Nd3 32. Rxb6 Nxe5 33. Rxe5
Rd2 34. Rexe6 Rdxg2+ 35. Kh3 R2g3+ 36. Kh2 Rg2+ 37. Kh3 R8g3+ 38. Kh4 f4 39.
Rbc6+ Kd7 40. Rcd6+ Kc7 1/2-1/2

[Event "SF Buer 1 - SV Welper 2"]
[Site "Verbandsklasse - Gruppe 2 202"]
[Date "2022.03.20"]
[Round "7.5"]
[White "Hoettler, Alexander Walter"]
[Black "Schorra, Helmut"]
[Result "1-0"]
[WhiteElo "1819"]
[BlackElo "2084"]
[PlyCount "115"]
[EventDate "2022.??.??"]
[WhiteTeam "SV Welper 2"]
[BlackTeam "SF Buer 1"]

1. e4 d6 2. d4 Nf6 3. Nc3 e5 4. Nf3 Nbd7 5. h3 Be7 6. Be3 exd4 7. Nxd4 Nc5 8.
Qf3 O-O 9. O-O-O c6 10. g4 Nfd7 11. Qg3 Nf6 12. Bg2 Qc7 13. g5 Nh5 14. Qh2 g6
15. f4 f5 16. gxf6 Bxf6 17. Bf3 Ng7 18. h4 Nge6 19. Nxe6 Bxe6 20. f5 Be5 21.
Qg2 Qf7 22. h5 Rae8 23. hxg6 hxg6 24. Rh6 Bxf5 25. exf5 Qxf5 26. Rxg6+ Kf7 27.
Bd5+ cxd5 28. Rg5 Qe6 29. Nxd5 Rc8 30. Qf1+ Ke8 31. Qb5+ Kd8 32. Bxc5 Rxc5 33.
Qxb7 Rxd5 34. Qxd5 Qxd5 35. Rxd5 Bf4+ 36. Kd1 Bxg5 37. Rxg5 Kc7 38. Rg7+ Kb6
39. Rd7 Rf6 40. Kd2 a6 41. Kc3 Kc6 42. Rh7 Rf5 43. Rh4 Rf2 44. a4 a5 45. Rh5 d5
46. b3 Kc5 47. Kb2 Rf6 48. Rh8 Ra6 49. Rb8 Kd4 50. Rb5 Ke4 51. Kc3 Rc6+ 52. Kd2
Ra6 53. Rb8 Rc6 54. c3 Ra6 55. Re8+ Kf5 56. Kd3 Rb6 57. Kd4 Rxb3 58. Re5+ 1-0

[Event "SF Buer 1 - SV Welper 2"]
[Site "Verbandsklasse - Gruppe 2 202"]
[Date "2022.03.20"]
[Round "7.6"]
[White "Uebing, Burkhart"]
[Black "Wallhof, Dieter"]
[Result "0-1"]
[WhiteElo "1695"]
[BlackElo "1804"]
[PlyCount "68"]
[EventDate "2022.??.??"]
[WhiteTeam "SF Buer 1"]
[BlackTeam "SV Welper 2"]

1. e4 d6 2. d4 Nf6 3. Nc3 c6 4. Be2 Nbd7 5. Nf3 e5 6. O-O Be7 7. h3 O-O 8. Bg5
Re8 9. dxe5 dxe5 10. Qd3 Qc7 11. Nd2 Nc5 12. Qe3 Ne6 13. Bxf6 Bxf6 14. Nb3 b6
15. Rad1 a5 16. a4 Bg5 17. Qd3 Rd8 18. Qg3 Bb7 19. Bc4 Bf4 20. Qg4 Nf8 21. Qf3
Qe7 22. g3 Bh6 23. Kh2 Ne6 24. Bxe6 Qxe6 25. Qg4 Qe7 26. Rfe1 Bc8 27. Qf3 Be6
28. Ne2 Qb4 29. Qh5 Bxb3 30. cxb3 Rxd1 31. Rxd1 Qxb3 32. Rd7 Rf8 33. Qxe5 Qf3
34. Qf5 Qxe2 0-1

[Event "SF Buer 1 - SV Welper 2"]
[Site "Verbandsklasse - Gruppe 2 202"]
[Date "2022.03.20"]
[Round "7.7"]
[White "Sharma, Rakesh"]
[Black "Altieri, Dennis"]
[Result "1-0"]
[WhiteElo "1762"]
[BlackElo "1682"]
[PlyCount "39"]
[EventDate "2022.??.??"]
[WhiteTeam "SV Welper 2"]
[BlackTeam "SF Buer 1"]

1. d4 d5 2. Bg5 h6 3. Bh4 c5 4. dxc5 Qa5+ 5. Nc3 Qb4 6. Nf3 e6 7. Qd2 Bxc5 8.
a3 Qa5 9. e4 dxe4 10. Rd1 Be7 11. b4 Qb6 12. Nxe4 f5 13. Bxe7 Kxe7 14. Nd6 Nf6
15. Ne5 Nd5 16. c4 Qxd6 17. Ng6+ Kf6 18. Nxh8 Qe5+ 19. Be2 Nc3 20. Qd8# 1-0

[Event "SF Buer 1 - SV Welper 2"]
[Site "Verbandsklasse - Gruppe 2 202"]
[Date "2022.03.20"]
[Round "7.8"]
[White "Weber, Torsten"]
[Black "Berke, Martin"]
[Result "1-0"]
[WhiteElo "1738"]
[BlackElo "1748"]
[PlyCount "109"]
[EventDate "2022.??.??"]
[WhiteTeam "SF Buer 1"]
[BlackTeam "SV Welper 2"]

1. c4 Nf6 2. Nc3 e5 3. Nf3 Nc6 4. g3 d5 5. cxd5 Nxd5 6. d3 Be7 7. Bg2 Nb6 8.
O-O O-O 9. a3 f5 10. b4 Bf6 11. Nd2 e4 12. dxe4 Kh8 13. Bb2 Qe7 14. exf5 Bxf5
15. e4 Be6 16. f4 Bd4+ 17. Kh1 Rad8 18. Qc2 Be3 19. Nf3 Qf7 20. Ng5 Qg8 21.
Nxe6 Qxe6 22. Nd5 Bd4 23. Nxc7 Qf7 24. Nd5 Rc8 25. Bxd4 Nxd4 26. Qb2 Nc2 27.
Nxb6 axb6 28. Rac1 Ne3 29. Rxc8 Rxc8 30. Rc1 Nc4 31. Qd4 b5 32. Qd5 Qe8 33. a4
Ne3 34. Rxc8 Qxc8 35. Qd2 Nxg2 36. Kxg2 bxa4 37. b5 h6 38. Qa2 a3 39. Qxa3 Qc2+
40. Kf3 Qd1+ 41. Ke3 Qg1+ 42. Kd3 Qf1+ 43. Kd4 Qxb5 44. Qf8+ Kh7 45. Qf5+ Qxf5
46. exf5 Kg8 47. Kc5 Kf7 48. Kb6 h5 49. h3 Ke7 50. Kxb7 h4 51. g4 Kd6 52. g5
Kd5 53. f6 gxf6 54. g6 Ke6 55. f5+ 1-0

[Event "SV Königsspringer Haltern 1 - SC Doppel"]
[Site "Verbandsklasse - Gruppe 2 202"]
[Date "2022.03.20"]
[Round "7.1"]
[White "Schulz, Hartmut"]
[Black "Lombardi, Marco"]
[Result "1/2-1/2"]
[WhiteElo "2022"]
[BlackElo "1933"]
[PlyCount "75"]
[EventDate "2022.??.??"]
[WhiteTeam "SC Doppelbauer Brambauer 1"]
[BlackTeam "SV Königsspringer Haltern 1"]

1. c4 Nf6 2. Nc3 d6 3. g3 g6 4. Bg2 Bg7 5. e3 e5 6. Nge2 Nc6 7. O-O O-O 8. h3
Ne7 9. e4 c6 10. d4 exd4 11. Nxd4 d5 12. cxd5 cxd5 13. e5 Ne8 14. f4 Nc7 15.
Qb3 Ne6 16. Nxe6 fxe6 17. Bd2 b6 18. Nb5 Ba6 19. Rfc1 Bxb5 20. Qxb5 Nf5 21. Kh2
a6 22. Qd3 Qd7 23. Rc3 b5 24. Rac1 Rfc8 25. Qc2 Rc4 26. b3 Rxc3 27. Qxc3 Kf8
28. Qc6 Qxc6 29. Rxc6 Ke7 30. Ba5 h5 31. Rc7+ Kf8 32. g4 hxg4 33. hxg4 Nd4 34.
Bb6 Ne2 35. Be3 g5 36. Bf3 Nxf4 37. Bxf4 gxf4 38. Rc6 1/2-1/2

[Event "SV Königsspringer Haltern 1 - SC Doppel"]
[Site "Verbandsklasse - Gruppe 2 202"]
[Date "2022.03.20"]
[Round "7.2"]
[White "Czarnik, Jozef"]
[Black "Remmler, Volker"]
[Result "1/2-1/2"]
[WhiteElo "1885"]
[BlackElo "2008"]
[PlyCount "27"]
[EventDate "2022.??.??"]
[WhiteTeam "SV Königsspringer Haltern 1"]
[BlackTeam "SC Doppelbauer Brambauer 1"]

1. d4 g6 2. e4 Bg7 3. c4 d6 4. Nc3 Nc6 5. Be3 e5 6. d5 Nd4 7. Nge2 Nxe2 8. Bxe2
f5 9. f3 Bh6 10. Qd2 Qh4+ 11. g3 Bxe3 12. Qxe3 Qh6 13. Kd2 Qxe3+ 14. Kxe3
1/2-1/2

[Event "SV Königsspringer Haltern 1 - SC Doppel"]
[Site "Verbandsklasse - Gruppe 2 202"]
[Date "2022.03.20"]
[Round "7.3"]
[White "Koth, Stefan"]
[Black "Michalicek, Roland"]
[Result "0-1"]
[WhiteElo "2062"]
[BlackElo "1840"]
[PlyCount "84"]
[EventDate "2022.??.??"]
[WhiteTeam "SC Doppelbauer Brambauer 1"]
[BlackTeam "SV Königsspringer Haltern 1"]

1. c4 e6 2. Nc3 d5 3. e3 Nf6 4. Nf3 Nbd7 5. Be2 Bd6 6. b3 c6 7. Bb2 e5 8. h4
Qe7 9. cxd5 Nxd5 10. Qc2 N7f6 11. a3 Bg4 12. Ne4 Nxe4 13. Qxe4 f5 14. Qc2 O-O-O
15. b4 Kb8 16. Qb3 h6 17. b5 Ka8 18. bxc6 bxc6 19. Qa4 Rc8 20. Ba6 Rc7 21. Rc1
Nb6 22. Qa5 c5 23. a4 e4 24. Ng1 f4 25. Bb5 fxe3 26. dxe3 Rd8 27. Ne2 c4 28.
Bc3 Ba3 29. Rb1 Rd3 30. Nd4 Qd6 31. O-O Nd5 32. Qxc7 Qxc7 33. Bc6+ Qxc6 34.
Nxc6 Bd6 35. Bxg7 c3 36. Rfc1 a5 37. Rb5 c2 38. Rxa5+ Kb7 39. Rb5+ Ka6 40. g3
Rd1+ 41. Kh2 Rxc1 42. Rxd5 Bf3 0-1

[Event "SV Königsspringer Haltern 1 - SC Doppel"]
[Site "Verbandsklasse - Gruppe 2 202"]
[Date "2022.03.20"]
[Round "7.4"]
[White "Schulz, Alfons"]
[Black "Czeratzki, Michael"]
[Result "1/2-1/2"]
[WhiteElo "1824"]
[BlackElo "1928"]
[PlyCount "41"]
[EventDate "2022.??.??"]
[WhiteTeam "SV Königsspringer Haltern 1"]
[BlackTeam "SC Doppelbauer Brambauer 1"]

1. e4 e6 2. d3 d5 3. Nd2 c5 4. Ngf3 Nc6 5. g3 Nf6 6. Bg2 Be7 7. O-O O-O 8. Re1
Qc7 9. e5 Nd7 10. Qe2 Re8 11. Nf1 Nf8 12. h4 f6 13. Bf4 Ng6 14. c3 fxe5 15.
Nxe5 Nxf4 16. gxf4 Nxe5 17. fxe5 Bd7 18. Qg4 Qd8 19. Re3 Kh8 20. Rg3 Rg8 21. h5
1/2-1/2

[Event "SV Königsspringer Haltern 1 - SC Doppel"]
[Site "Verbandsklasse - Gruppe 2 202"]
[Date "2022.03.20"]
[Round "7.5"]
[White "Zimmermann, Dirk"]
[Black "Eusgeld, Michael"]
[Result "1/2-1/2"]
[WhiteElo "1861"]
[BlackElo "1743"]
[PlyCount "44"]
[EventDate "2022.??.??"]
[WhiteTeam "SC Doppelbauer Brambauer 1"]
[BlackTeam "SV Königsspringer Haltern 1"]

1. e4 e6 2. d3 d5 3. Nd2 Nf6 4. g3 Be7 5. Bg2 Nc6 6. Ngf3 dxe4 7. dxe4 e5 8. h3
Be6 9. Ng5 Bc8 10. O-O O-O 11. Re1 Nd7 12. Ngf3 Nb6 13. c3 Be6 14. Qe2 Qc8 15.
Kh2 f6 16. b3 a5 17. a4 Rd8 18. Ba3 Qd7 19. Bxe7 Qxe7 20. Bf1 Qc5 21. Qe3 Qxe3
22. Rxe3 Rd6 1/2-1/2

[Event "SV Königsspringer Haltern 1 - SC Doppel"]
[Site "Verbandsklasse - Gruppe 2 202"]
[Date "2022.03.20"]
[Round "7.6"]
[White "Backmann, Hans"]
[Black "Jochmann, Christian"]
[Result "1/2-1/2"]
[WhiteElo "1748"]
[BlackElo "1875"]
[PlyCount "29"]
[EventDate "2022.??.??"]
[WhiteTeam "SV Königsspringer Haltern 1"]
[BlackTeam "SC Doppelbauer Brambauer 1"]

1. c4 e5 2. g3 Nc6 3. Bg2 g6 4. e3 Bg7 5. Ne2 Nf6 6. Nbc3 O-O 7. d4 d6 8. O-O
Bd7 9. Rb1 Qc8 10. b4 Bh3 11. b5 Bxg2 12. Kxg2 Ne7 13. Ba3 Re8 14. dxe5 dxe5
15. e4 1/2-1/2

[Event "SV Königsspringer Haltern 1 - SC Doppel"]
[Site "Verbandsklasse - Gruppe 2 202"]
[Date "2022.03.20"]
[Round "7.7"]
[White "Wagner, Norbert"]
[Black "Poeter, Manfred"]
[Result "1-0"]
[WhiteElo "2008"]
[BlackElo "1762"]
[PlyCount "93"]
[EventDate "2022.??.??"]
[WhiteTeam "SC Doppelbauer Brambauer 1"]
[BlackTeam "SV Königsspringer Haltern 1"]

1. Nf3 d5 2. d4 Nf6 3. Bf4 e6 4. e3 Nh5 5. Bg5 Be7 6. Bxe7 Qxe7 7. c3 Nd7 8.
Nbd2 Nhf6 9. Bd3 c5 10. O-O O-O 11. Re1 Qd6 12. Rc1 Re8 13. e4 dxe4 14. Nxe4
Nxe4 15. Rxe4 Nf6 16. Rh4 Bd7 17. dxc5 Qxc5 18. Bxh7+ Nxh7 19. Qxd7 Red8 20.
Qxb7 Rab8 21. Qe4 Nf6 22. Qc2 Rb7 23. b4 Qb6 24. a3 Rbd7 25. Rd4 Rxd4 26. cxd4
Nd5 27. Qc6 Nf4 28. Kf1 Nd5 29. g3 Kf8 30. Qc5+ Ke8 31. Ne5 Qa6+ 32. b5 Qb7 33.
Qc6+ Qxc6 34. Nxc6 Rc8 35. Rc5 Rc7 36. Nb4 Rd7 37. Nxd5 Rxd5 38. Rxd5 exd5 39.
a4 Kd7 40. a5 Kc7 41. h4 f6 42. g4 Kb7 43. f4 a6 44. b6 Kc6 45. g5 fxg5 46.
fxg5 g6 47. h5 1-0

[Event "SV Königsspringer Haltern 1 - SC Doppel"]
[Site "Verbandsklasse - Gruppe 2 202"]
[Date "2022.03.20"]
[Round "7.8"]
[White "Truszkowski, Hans"]
[Black "Zabel, Reinhard"]
[Result "1-0"]
[WhiteElo "1696"]
[BlackElo "1482"]
[PlyCount "79"]
[EventDate "2022.??.??"]
[WhiteTeam "SV Königsspringer Haltern 1"]
[BlackTeam "SC Doppelbauer Brambauer 1"]

1. d4 d5 2. c4 e6 3. Nf3 Nf6 4. Nc3 c5 5. e3 Nc6 6. cxd5 exd5 7. dxc5 Bxc5 8.
Be2 d4 9. exd4 Nxd4 10. Nxd4 Qxd4 11. O-O Qxd1 12. Rxd1 O-O 13. Bg5 Be6 14. Bf3
Bg4 15. Bxg4 Nxg4 16. Bh4 f6 17. h3 Ne5 18. Ne4 Be7 19. Bg3 Ng6 20. Rd7 b6 21.
Rc1 Rfd8 22. Rcc7 Rxd7 23. Rxd7 f5 24. Bd6 Re8 25. Bxe7 fxe4 26. Bb4 a5 27. Bc3
Re7 28. Rd6 Nf4 29. Bd2 g5 30. Rxb6 a4 31. Bxf4 gxf4 32. Rb4 e3 33. fxe3 fxe3
34. Kf1 Rf7+ 35. Ke2 Rf2+ 36. Kxe3 Rxg2 37. Rg4+ Rxg4 38. hxg4 Kf7 39. Kf4 Kf6
40. b3 1-0

[Event "SV Eichlinghofen 1 - Hervest-Dorstener "]
[Site "Verbandsklasse - Gruppe 3 202"]
[Date "2022.03.20"]
[Round "7.1"]
[White "Tig, Achmet"]
[Black "Watzlawek, Markus"]
[Result "0-1"]
[WhiteElo "1967"]
[BlackElo "2048"]
[PlyCount "66"]
[EventDate "2022.??.??"]
[WhiteTeam "Hervest-Dorstener SK 1"]
[BlackTeam "SV Eichlinghofen 1"]

1. d4 f5 2. Nf3 Nf6 3. g3 g6 4. Bg2 Bg7 5. O-O O-O 6. c4 d6 7. Nc3 Na6 8. e4
fxe4 9. Ng5 c5 10. d5 Rb8 11. Ngxe4 Nc7 12. Qe2 Nxe4 13. Bxe4 Bh3 14. Bg2 Bxg2
15. Kxg2 Qd7 16. a4 Rbe8 17. Rd1 e6 18. dxe6 Nxe6 19. Qd3 Nd4 20. Be3 Qg4 21.
h3 Qf3+ 22. Kh2 Kh8 23. Rf1 Be5 24. Rae1 Nf5 25. Rg1 Nxe3 26. Rxe3 Qxf2+ 27.
Rg2 Qf5 28. Ne4 Bd4 29. Ree2 d5 30. cxd5 Qxd5 31. Nf6 Bg1+ 32. Kxg1 Qxd3 33.
Nxe8 Qd8 0-1

[Event "SV Eichlinghofen 1 - Hervest-Dorstener "]
[Site "Verbandsklasse - Gruppe 3 202"]
[Date "2022.03.20"]
[Round "7.4"]
[White "Brockmann, Michael"]
[Black "Vengels, Joachim"]
[Result "1-0"]
[WhiteElo "2050"]
[BlackElo "1962"]
[PlyCount "43"]
[EventDate "2022.??.??"]
[WhiteTeam "SV Eichlinghofen 1"]
[BlackTeam "Hervest-Dorstener SK 1"]

1. d4 d5 2. c4 c6 3. Nf3 Nf6 4. Nc3 e6 5. Bg5 Be7 6. e3 Nbd7 7. Qc2 O-O 8. Rd1
Re8 9. a3 Nf8 10. Ne5 N6d7 11. Bf4 Nb6 12. cxd5 exd5 13. Bd3 Bd6 14. Bg3 f6 15.
Nf3 Bg4 16. O-O Bh5 17. Rb1 Bg6 18. Nd2 Bxg3 19. hxg3 Qd6 20. b4 Rac8 21. Rfc1
Rc7 22. Bxg6 1-0

[Event "SV Eichlinghofen 1 - Hervest-Dorstener "]
[Site "Verbandsklasse - Gruppe 3 202"]
[Date "2022.03.20"]
[Round "7.5"]
[White "Hater, Norbert"]
[Black "Dreier, Daniel"]
[Result "0-1"]
[WhiteElo "1858"]
[BlackElo "1845"]
[PlyCount "38"]
[EventDate "2022.??.??"]
[WhiteTeam "Hervest-Dorstener SK 1"]
[BlackTeam "SV Eichlinghofen 1"]

1. d4 Nf6 2. Nc3 d5 3. e4 Nxe4 4. Nxe4 dxe4 5. Bc4 g6 6. f3 Bg7 7. c3 O-O 8.
fxe4 e5 9. Nf3 exd4 10. cxd4 Bg4 11. Be3 Nc6 12. e5 Bxf3 13. gxf3 Nxe5 14. Bb3
Nc6 15. d5 Qh4+ 16. Bf2 Rfe8+ 17. Kf1 Qh3+ 18. Kg1 Ne5 19. Bg3 Nxf3+ 0-1

[Event "SV Eichlinghofen 1 - Hervest-Dorstener "]
[Site "Verbandsklasse - Gruppe 3 202"]
[Date "2022.03.20"]
[Round "7.6"]
[White "Wloka, Sebastian"]
[Black "Buesken, Klaus"]
[Result "1/2-1/2"]
[WhiteElo "1866"]
[BlackElo "1834"]
[PlyCount "35"]
[EventDate "2022.??.??"]
[WhiteTeam "SV Eichlinghofen 1"]
[BlackTeam "Hervest-Dorstener SK 1"]

1. d4 d5 2. c4 e6 3. Nc3 Nf6 4. cxd5 exd5 5. Bg5 Be7 6. e3 c6 7. Bd3 O-O 8. Qc2
Nbd7 9. Nge2 Re8 10. O-O h6 11. Bh4 Nh5 12. Bxe7 Qxe7 13. Rae1 Nb6 14. Bh7+ Kh8
15. Bf5 Nc4 16. Bxc8 Raxc8 17. b3 Nd6 18. Qd3 1/2-1/2

[Event "SV Eichlinghofen 1 - Hervest-Dorstener "]
[Site "Verbandsklasse - Gruppe 3 202"]
[Date "2022.03.20"]
[Round "7.7"]
[White "Nashir, Ramin"]
[Black "Richter, Jan"]
[Result "0-1"]
[WhiteElo "1555"]
[BlackElo "1852"]
[PlyCount "24"]
[EventDate "2022.??.??"]
[WhiteTeam "Hervest-Dorstener SK 1"]
[BlackTeam "SV Eichlinghofen 1"]

1. d4 Nf6 2. Bf4 g6 3. Nc3 d5 4. Qd2 Bg7 5. Bh6 O-O 6. h4 c5 7. dxc5 d4 8. Nb5
Bxh6 9. Qxh6 Qa5+ 10. Kd1 Qxb5 11. Kc1 Bg4 12. f3 Qb4 0-1

[Event "SV Eichlinghofen 1 - Hervest-Dorstener "]
[Site "Verbandsklasse - Gruppe 3 202"]
[Date "2022.03.20"]
[Round "7.8"]
[White "Gitschel, Ralf"]
[Black "Schmidt, Christian"]
[Result "0-1"]
[WhiteElo "1863"]
[BlackElo "1636"]
[PlyCount "80"]
[EventDate "2022.??.??"]
[WhiteTeam "SV Eichlinghofen 1"]
[BlackTeam "Hervest-Dorstener SK 1"]

1. e4 g6 2. d4 Bg7 3. c3 c5 4. Be3 Qa5 5. dxc5 Nc6 6. Nf3 Nf6 7. Bd3 O-O 8. O-O
Ng4 9. Qe2 Nxe3 10. Qxe3 b6 11. cxb6 axb6 12. Nbd2 Qc5 13. Qe2 Ne5 14. Nxe5
Bxe5 15. Nb3 Qc7 16. g3 d6 17. f4 Bg7 18. f5 Bb7 19. fxg6 hxg6 20. Qg4 Qc6 21.
Rfe1 Be5 22. a3 Kg7 23. Rad1 Rh8 24. Nd4 Qc5 25. Bf1 Rh6 26. Bg2 Rah8 27. h3
Bc8 28. Qf3 Bxh3 29. b4 Qc8 30. Rd2 Bxg2 31. Rxg2 Rh1+ 32. Kf2 Bxd4+ 33. cxd4
Rxe1 34. Kxe1 Rh1+ 35. Kf2 Qc1 36. Qe2 Rd1 37. Kf3 Qc3+ 38. Kg4 Rxd4 39. Kh3 f6
40. Qg4 Qd3 0-1

[Event "SV Recklinghausen-Süd 1 - SF Essen-Werd"]
[Site "Verbandsklasse - Gruppe 3 202"]
[Date "2022.03.20"]
[Round "7.1"]
[White "Gockel, Mirco"]
[Black "Callenberg, Ralf"]
[Result "1-0"]
[WhiteElo "1931"]
[BlackElo "2033"]
[PlyCount "91"]
[EventDate "2022.??.??"]
[WhiteTeam "SF Essen-Werden 2"]
[BlackTeam "SV Recklinghausen-Süd 1"]

1. c4 Nf6 2. g3 d5 3. d4 g6 4. Bg2 Bg7 5. cxd5 Nxd5 6. e4 Nb6 7. Ne2 Nc6 8. d5
Ne5 9. O-O e6 10. a4 exd5 11. a5 Nbc4 12. exd5 O-O 13. Qb3 Nd6 14. Nbc3 Re8 15.
h3 Bf5 16. Nd4 Bd3 17. Rd1 Ba6 18. Qc2 Qf6 19. Be3 Nec4 20. Bf4 h6 21. b3 Ne5
22. Be3 Re7 23. Na4 Nd7 24. Rac1 Rc8 25. Nc5 Nxc5 26. Qxc5 Ne4 27. Qc2 Rce8 28.
b4 Nd6 29. Qb3 Bb5 30. Nxb5 Nxb5 31. Bc5 Rd7 32. h4 b6 33. Qa4 bxc5 34. Qxb5
Red8 35. Rxc5 Qb2 36. Bh3 Re7 37. Rcc1 Bd4 38. Qf1 Re2 39. Rxd4 Rxf2 40. Qxf2
Qxc1+ 41. Kh2 Re8 42. Bg2 Qc3 43. Qd2 Qa3 44. d6 cxd6 45. Rxd6 Re3 46. Rd8+ 1-0

[Event "SV Recklinghausen-Süd 1 - SF Essen-Werd"]
[Site "Verbandsklasse - Gruppe 3 202"]
[Date "2022.03.20"]
[Round "7.2"]
[White "Mecklenburg, Roland"]
[Black "Blank, Stephan"]
[Result "1-0"]
[WhiteElo "1976"]
[BlackElo "1825"]
[PlyCount "93"]
[EventDate "2022.??.??"]
[WhiteTeam "SV Recklinghausen-Süd 1"]
[BlackTeam "SF Essen-Werden 2"]

1. e4 d5 2. e5 Bf5 3. f4 e6 4. Nf3 Bg4 5. Be2 Bxf3 6. Bxf3 Nc6 7. c3 Bc5 8. d4
Bb6 9. O-O Qd7 10. Qe2 Nge7 11. Be3 O-O-O 12. b4 Rdg8 13. a4 a5 14. b5 Nd8 15.
Nd2 Nf5 16. Nb3 Nxe3 17. Qxe3 Qe7 18. Rfc1 g5 19. c4 gxf4 20. Qd2 dxc4 21. Rxc4
Qg5 22. Re1 h5 23. Nc5 h4 24. h3 Qg3 25. Kh1 Qg5 26. Rc2 Qe7 27. Rec1 Rg3 28.
Qe2 f5 29. exf6 Qxf6 30. Qe4 Rxf3 31. Qxf3 Qxd4 32. Rd1 Qe5 33. Nd7 Qe3 34.
Nxb6+ Qxb6 35. Qxf4 c6 36. Qd6 Qc7 37. bxc6 Nxc6 38. Qxe6+ Kb8 39. Qd6 Qxd6 40.
Rxd6 Kc7 41. Rd4 Kb6 42. Re4 Nb4 43. Rf2 Nd5 44. Rf7 Nc3 45. Rg4 Ne2 46. Kh2
Rh6 47. Rfg7 1-0